Nasser: (Record no. 187605)

000 -LEADER
fixed length control field 00950 a2200169 4500
003 - CONTROL NUMBER IDENTIFIER
control field Nust
005 - DATE AND TIME OF LATEST TRANSACTION
control field 20230504103933.0
040 ## - CATALOGING SOURCE
Transcribing agency Nust
082 ## - DEWEY DECIMAL CLASSIFICATION NUMBER
Classification number 962,JOE
100 ## - MAIN ENTRY--PERSONAL NAME
Personal name joesten,Joachim
9 (RLIN) 112090
245 ## - TITLE STATEMENT
Title Nasser:
Remainder of title The Rise To Power /
Statement of responsibility, etc. Joachim Joesten
260 ## - PUBLICATION, DISTRIBUTION, ETC.
Place of publication, distribution, etc. London
Name of publisher, distributor, etc. Odhams Press
300 ## - PHYSICAL DESCRIPTION
Extent 222:p
505 ## - FORMATTED CONTENTS NOTE
Formatted contents note Nasser at School (Page-13), Britain in Egypt (Page-20), The Growth of Nationalism (Page-35), Future Political Program (Page-56Nasser the Student (Page-62), Tiger of Faluja (Page-76), Revolution (Page-83), Nasser Versus Neguib (Page-100), The Aswan High Dam (Page-120), The Big Bold Grab (Page-132), Nasser Between East and West (Page-141) The Egyptian (Page-165), A King Survives (Page-171), The United Nasser Republic (Page-182), Dream of Empire (Page-192) The Brothers in Baghdad (Page-200), Nasser and Kassem (Page-208), Nasser the Family Man (Page-216).
650 ## - SUBJECT ADDED ENTRY--TOPICAL TERM
Topical term or geographic name entry element Nasser
9 (RLIN) 112091
942 ## - ADDED ENTRY ELEMENTS (KOHA)
Source of classification or shelving scheme
Koha item type Book
Call number prefix 962,JOE
Holdings
Withdrawn status Lost status Source of classification or shelving scheme Damaged status Not for loan Permanent Location Current Location Shelving location Date acquired Full call number Barcode Date last seen Price effective from Koha item type Public note
          Military College of Signals (MCS) Military College of Signals (MCS) General Stacks 12/12/2016 962,JOE MCS29405 12/08/2016 12/12/2016 Book Almirah No. 75, Shelf No. 8
© 2023 Central Library, National University of Sciences and Technology. All Rights Reserved.